00626nam a22002177a 450000500170000001000110001702000100002803500110003803700160004904000120006508200160007724501220009326000370021527000420025230000210029450000200031565000210033565000300035670000160038670000060040220170124110214.0 a737991 c00.00 a737991 bCen Lib/Ret aDPLbEN a309.23bSEL aSelected writing and speeches of professor D.R. Gadgil on planning and development1967-1971) /cedited by A.R. Kamat  aNew DelhibOreint longman c1973 bNew Delhia3/5 Asaf ali road e110001 a372p. c23cm(Hb) aIncludes index  aSocial problems  aPlanning and development  aKamat, A.R. a.